Catálogo
 En Linea

Jaque a la libertad: (Registro nro. 52288)

Detalles MARC
000 -CABECERA
campo de control de longitud fija 00776nam a2200241 a 4500
003 - IDENTIFICADOR DEL NÚMERO DE CONTROL
campo de control DO-SdBNP
005 - FECHA Y HORA DE LA ÚLTIMA TRANSACCIÓN
campo de control 20220822143132.0
007 - CAMPO FIJO DE DESCRIPCIÓN FÍSICA--INFORMACIÓN GENERAL
campo de control de longitud fija ta
008 - DATOS DE LONGITUD FIJA--INFORMACIÓN GENERAL
campo de control de longitud fija 220817e2022 dr ||||er|||| 001 0dspa d
020 ## - NÚMERO INTERNACIONAL ESTÁNDAR DEL LIBRO
Número Internacional Estándar del Libro 9789945505177
040 ## - FUENTE DE LA CATALOGACIÓN
Centro catalogador/agencia de origen DO-SdBNP
Lengua de catalogación spa
Centro/agencia transcriptor BNPHU
082 #4 - NÚMERO DE LA CLASIFICACIÓN DECIMAL DEWEY
Número de edición 22
Número de documento/Ítem G934j
100 1# - ENTRADA PRINCIPAL--NOMBRE DE PERSONA
9 (RLIN) 58675
Nombre de persona Guerrero, Miguel
245 10 - MENCIÓN DE TÍTULO
Título Jaque a la libertad:
Resto del título el derecho de no asociación. /
Mención de responsabilidad, etc. Miguel Guerrero
260 ## - PUBLICACIÓN, DISTRIBUCIÓN, ETC.
Lugar de publicación, distribución, etc. Santo Domingo :
Nombre del editor, distribuidor, etc. Centenario,
Fecha de publicación, distribución, etc. 2022
300 ## - DESCRIPCIÓN FÍSICA
Extensión 540 p. ;
Dimensiones 24 cm.
500 ## - NOTA GENERAL
Nota general Incluye datos biográficos del autor en la solapa de la contra cubierta.
500 ## - NOTA GENERAL
Nota general Incluye bibliografía y notas al pié de páginas.
500 ## - NOTA GENERAL
Nota general Incluye índice onomástico 535- 540.
590 ## - NOTA LOCAL (RLIN)
Nota local Inventariado 2022 / MF
910 ## - DATOS DE OPCIÓN DEL USUARIO (OCLC)
Datos de opción del usuario MFeliz
942 ## - ELEMENTOS DE PUNTO DE ACCESO ADICIONAL (KOHA)
Fuente del sistema de clasificación o colocación Dewey Decimal Classification
Tipo de ítem Koha Libro
Existencias
Estado de retiro Estado de pérdida Fuente del sistema de clasificación o colocación Restricciones de uso No para préstamo Código de colección Localización permanente Ubicación/localización actual Ubicación en estantería Fecha de adquisición Fuente de adquisición Signatura topográfica completa Código de barras Fecha visto por última vez Precio válido a partir de Tipo de ítem Koha Número de copia Total de préstamos
    Dewey Decimal Classification Excluido de préstamo   Patrimonio Dominicano Biblioteca Nacional Pedro Henríquez Ureña Biblioteca Nacional Pedro Henríquez Ureña En catalogación 05.05.2022 Depósito Legal / Editora Centenario G934j 2022-3703 17.08.2022 17.08.2022 Libro    
    Dewey Decimal Classification Excluido de préstamo   Patrimonio Dominicano Biblioteca Nacional Pedro Henríquez Ureña Biblioteca Nacional Pedro Henríquez Ureña En catalogación 05.05.2022 Depósito Legal / Editora Centenario G934j 2022-3704 17.08.2022 17.08.2022 Libro e.2  
    Dewey Decimal Classification Préstamo en sala   Dominicana de Servicio Biblioteca Nacional Pedro Henríquez Ureña Biblioteca Nacional Pedro Henríquez Ureña En catalogación 05.05.2022 Depósito Legal / Editora Centenario G934j 2022-3705 17.08.2022 17.08.2022 Libro e.3  

Con tecnología Koha